[Event "GER-ch Schools U18 Girls"]
[Site "Germany"]
[Date "2009.05.17"]
[Round "4.4"]
[White "Schweiger, Lauralie"]
[Black "Eifert, Pia"]
[Result "1-0"]
[WhiteElo "964"]
[BlackElo "800"]
[PlyCount "61"]
[EventDate "2009.05.16"]
[EventType "team-swiss"]
[EventRounds "7"]
[EventCountry "GER"]
[SourceTitle "EXT 2011"]
[Source "ChessBase"]
[SourceDate "2010.11.26"]
[SourceVersion "1"]
[SourceVersionDate "2010.11.26"]
[SourceQuality "1"]
[WhiteTeam "Neureut Gymn (W)"]
[BlackTeam "Luebeck Trave (W)"]
[WhiteTeamCountry "GER"]
[BlackTeamCountry "GER"]

1. d4 d5 2. c4 c6 3. Nc3 e6 4. Nf3 Bb4 5. Bd2 Nf6 6. e3 e5 7. dxe5 Ne4 8. Be2 c5 9. cxd5 Nxd2 10. Qxd2 0-0 11. 0-0 Ba5 12. Qc2 Re8 13. Bb5 a6 14. Bxe8 Qxe8 15. d6 Nc6 16. Nd5 Rb8 17. Qxc5 Bd8 18. Nc7 b6 19. Qa3 Qd7 20. Nxa6 Ra8 21. Rfc1 Rxa6 22. Qc3 Bb7 23. b4 Ra4 24. b5 Nb4 25. Nd4 Qc7 26. dxc7 Nxa2 27. Qb3 Bxc7 28. Qxa4 Nxc1 29. Qa8+ Bxa8 30. Rxa8+ Bd8 31. Rxd8# 1-0